02520cam a22003974a 450000100090000000300040000900500170001300800410003001000170007101600180008801600200010602000290012602000260015503500240018104000540020504200080025905000220026706000150028906000100030408200200031408400340033424500710036825000120043926000580045130000460050949000340055550400510058952007290064052005680136965000260193765000290196365000220199265000290201470000260204383000530206916831763OSt20150408114236.0110617s2012 flua b 001 0 eng a 20110208247 a0158210922Uk7 a1015607842DNLM a9781439812563 (hardback) a143981256X (hardback) a(OCoLC)ocn707965980 aDLCcDLCdYDXdBTCTAdYDXCPdUKMGBdNLMdCDXdDLC apcc00aR857.M3bI68 201200a2012 A-72110aQT 3700a610.28223bINB aMED009000aTEC0210002bisacsh03aAn introduction to biomaterials /cedited by Jeffrey O. Hollinger. a2nd ed. aBoca Raton, FL :bCRC Press/Taylor & Francis,cc2012. axix, 624 p. :bill. (some col.) ;c26 cm.1 aBiomedical engineering series aIncludes bibliographical references and index. a"The second edition of this popular text includes seven new chapters that provide a comprehensive and up-to-date educational framework for biomaterials education. A new chapter on the biology of wound healing sets the stage for the basic requirements of standardized biomaterials testing and explains the reactions between biomaterials and the living system into which it is implanted. The book explains in vitro and in vivo testing paradigms and provides numerous examples in the chapters on experimental design, laboratory assays, and animal models. Emphasizing the importance of the regulatory process, it describes how innovation in the biomaterials process relates to patentability and inventorship"-- a"The Second Edition of the Biomaterials textbook consists of 32 chapters that have been conceived and organized as a practical educational roadmap to provide a fundamental understanding of key families of biomaterials and underscore their potential applications in clinical therapeutics. The 32 chapters are organized in 4 sections: Section 1: Biology, Biomechanics, Biomaterials Interactions Section 2: Biomaterials Testing, Statistics, Regulatory Considerations, Intellectual Property Section 3: Biomaterials Compositions Section 4: Biomaterials Applications"-- 0aBiomedical materials.12aBiocompatible Materials.22aEquipment Design.22aProstheses and Implants.1 aHollinger, Jeffrey O. 0aBiomedical engineering series (Boca Raton, Fla.)